Don Alvaro : (Record no. 83798)

MARC details
000 -LEADER
campo de control de longitud fija 00913cam a2200313Ia 4500
001 - NÚMERO DE CONTROL
campo de control 93264
005 - FECHA Y HORA DE LA ÚLTIMA TRANSACCIÓN
campo de control 20230410132549.0
008 - DATOS DE LONGITUD FIJA--INFORMACIÓN GENERAL
campo de control de longitud fija 850429s1982 sp 000 0 spa d
035 ## - NÚMERO DE CONTROL DEL SISTEMA
Número de control de sistema (OCoLC)ocm11974595
040 ## - FUENTE DE CATALOGACIÓN
Centro catalogador/agencia de origen EUT
Centro/agencia transcriptor EUT
Centro/agencia modificador OCLCG
-- CUI
020 ## - NÚMERO INTERNACIONAL ESTÁNDAR DEL LIBRO
Número Internacional Estándar del Libro 8430640169
020 ## - NÚMERO INTERNACIONAL ESTÁNDAR DEL LIBRO
Número Internacional Estándar del Libro 9788430640164
029 1# - OTRO NÚMERO DE CONTROL DE SISTEMA (OCLC)
Identificador de la biblioteca OCLC AU@
Número de control de sistema 000007100479
035 ## - NÚMERO DE CONTROL DEL SISTEMA
Número de control de sistema (OCoLC)11974595
050 14 - SIGNATURA TOPOGRÁFICA DE LA BIBLIOTECA DEL CONGRESO
Número de clasificación PQ6226
Número de ítem .R5 1982
092 ## - ASIGNACIÓN LOCAL DE SIGNATURA TOPOGRÁFICA DEWEY (OCLC)
Número de clasificación 862.5
Sufijo de archivo RIV
049 ## - FONDOS LOCALES (OCLC)
Biblioteca depositaria GRAL
100 1# - ENTRADA PRINCIPAL--NOMBRE DE PERSONA
Nombre de persona Rivas, Angel de Saavedra,
Títulos y otros términos asociados al nombre duque de,
Fechas asociadas al nombre 1791-1865.
245 10 - MENCIÓN DEL TÍTULO
Título Don Alvaro :
Resto del título o la fuerza del sino /
Mención de responsabilidad, etc. Angel de Saavedra, duque de Rivas ; edición e introducción de Jorge Campos.
250 ## - MENCION DE EDICION
Mención de edición [6. ed.]
260 ## - PUBLICACIÓN, DISTRIBUCIÓN, ETC.
Lugar de publicación, distribución, etc. Madrid :
Nombre del editor, distribuidor, etc. Taurus,
Fecha de publicación, distribución, etc. 1982.
300 ## - DESCRIPCIÓN FÍSICA
Extensión 196 p. ;
Dimensiones 18 cm.
440 #0 - MENCIÓN DE SERIE/PUNTO DE ACCESO ADICIONAL--TÍTULO
Título Temas de España ;
Designación de volumen o secuencia 16
504 ## - NOTA DE BIBLIOGRAFÍA, ETC.
Nota de bibliografía, etc. Bibliography: p. 191-193.
700 1# - ENTRADA AGREGADA--NOMBRE PERSONAL
Nombre de persona Campos, Jorge,
Término indicativo de función/relación ed.
942 ## - ELEMENTOS DE ENTRADA SECUNDARIOS (KOHA)
Fuente del sistema de clasificación o colocación Clasificación de Library of Congress
Tipo de ítem Koha
994 ## -
-- C0
-- DRFGD
946 ## - PROCESAMIENTO DE INFORMACIÓN LOCAL (OCLC)
a YM
Holdings
Estatus retirado Estado de pérdida Fuente del sistema de clasificación o colocación Estado de daño No para préstamo Colección Biblioteca de origen Biblioteca actual Ubicación en estantería Fecha de adquisición Serial enumeration / chronology Signatura topográfica completa Código de barras Visto por última vez Tipo de ítem Koha
    Clasificación de Library of Congress     Humanidades Biblioteca Juan Bosch Biblioteca Juan Bosch Humanidades (4to. Piso) 10/04/2023 3 PQ6226 .R5 1982 00000086255 25/10/2018